00320nam a2200109Ia 4500008004100000082000800041100002000049245002100069942000600090952009900096999001500195240331s9999 xx 000 0 und d bJAY aJayathilake.B.M 0aKurulu thalawa 2 cL 001040708LaWERCLbWERCLcSSCd2024-03-31l0o 891.483 JAYp1884r2024-03-31w2024-03-31yL c5425d5425